000 00427nam a2200181Ia 4500
008 221030s9999 xx 000 0 und d
020 _a8131718674
041 _aEnglish
082 _a105.23
100 _aM. D. Weir
245 0 _aThomas` Calculus
_cby M. D. Weir, J. Hass
250 _a11th
260 _bPearson Edcuation
_aDelhi
_c2009
300 _a1228
650 _aBE Mathematics
700 _aJ. Hass
942 _cBK
999 _c9411
_d9411